00709nam a2200217 a 450000100060000000300080000600500170001400800460003102000150007703500190009204000270011104100080013808200190014610000560016524500820022125000160030326000660031930000410038550400460042665100190047225291BD-RjUL20211209050846.0140316s1967 1964 enk b 001 0 eng d a0715605305 a(BD-RjUL)25360 aBNGcBNGdBD-RjULbeng aeng a952bREJ 19671 aReischauer, Edwin O.q(Edwin Oldfather),d1910-199010aJapan, past and present /cby Edwin O. Reischauer ; foreword by George Sansom a3d ed., rev aLondon :bGerald Duckworth & Co. Ltd,cc1964 [Reprinted 1967] axii, 323, xiii p. :bmaps. ;c23 cm. aIncludes index & Bibliography: p. 319-323 0aJapanxHistory